00435nam a22001097a 4500008004100000040005500041100001600096245013600112260005200248300001000300700001500310230731b |||||||| |||| 00| 0 eng d aNational Science LibrarycNational Science Library1 aStatland, N aApproach to computer installation performance effectiveness evaluationc/ Auerbach Corporation Philadelphia, Pennsylvania June 1965 aWashington: bUS Department of Commerce, c1965 a155p. aProctor, R